| 000 | 01569cam a22003977a 4500 | ||
|---|---|---|---|
| 003 | CHAP | ||
| 005 | 20220817043530.0 | ||
| 008 | 990503d19-? mx a r 00010 spa d | ||
| 010 | _a77728 | ||
| 011 | _a78700 | ||
| 035 | _a88717 | ||
| 040 | _cCHAP | ||
| 082 | 0 | 4 |
_a630.7 _bU33 |
| 110 | 1 |
_aUACH. Dirección General Académica _9115928 |
|
| 245 | 1 | 0 |
_aCatálogo de estudios 19 -19 . _c/por UACH. Dirección General Académica |
| 260 |
_aChapingo, Méx. : _bUACH. Dirección General Académica, _c19-. |
||
| 300 |
_av. : _bilus. |
||
| 500 | _aLa biblioteca tiene : 1984-85,1990-91, 1996-97 | ||
| 500 | _aTítulo varía | ||
| 590 |
_aBATCH-UPD _b10 _c20130110 _lUCH01 _h0514 |
||
| 590 |
_aBATCH-UPD _b10 _c20130410 _lUCH01 _h0153 |
||
| 590 |
_aBATCH-UPD _b10 _c20130914 _lUCH01 _h1242 |
||
| 590 |
_aCONVERSION _b10 _c20130109 _lUCH01 _h1343 |
||
| 650 | 1 | 4 |
_aEducación agrícola _zMéxico (Edo.). |
| 650 | 1 | 4 |
_aEducación superior _zMéxico (Edo.). _935668 |
| 710 | 0 |
_aUACH. Departamento de Admisión, Promoción y Becas. _9115852 |
|
| 790 | _aInformación general | ||
| 901 | _aBK | ||
| 905 | _aAlejandra Carrasco M. | ||
| 942 | _cLIBRO | ||
| 949 |
_a630.7 U33 _bBC _cLIBRO _d33724000713327 _eLIBRO _f1984-85 _h95149 _i88717 _si |
||
| 949 |
_a630.7 U33 _bBC _cLIBRO _d33724000713368 _eLIBRO _f1984-85 c.2 _h95150 _i88717 _sb |
||
| 949 |
_a630.7 U33 _bBC _cUACH _d33724000713319 _eUACH _f1996-97 _h95148 _i88717 _sb |
||
| 949 |
_a630.7 U33 _bBC _cUACH _d33724000713350 _eUACH _f1984-85 c.3 _h95151 _i88717 _sb |
||
| 949 |
_a630.7 U33 _bBC _cUACH _d33724000814729 _eUACH _f1990-91 _h99763 _i88717 _sb |
||
| 999 |
_c77728 _d77728 |
||